书目信息 |
| 题名: |
天然药物的生物转化
|
|
| 作者: | 卢艳花 主编 | |
| 分册: | ||
| 出版信息: | 北京 化学工业出版社 2006 |
|
| 页数: | 211页 | |
| 开本: | 26cm | |
| 丛书名: | ||
| 单 册: | ||
| 中图分类: | R977 | |
| 科图分类: | ||
| 主题词: | 生物制品:药物--生物--转化 , 生物制品:药物 , 生物 , 转化 | |
| 电子资源: | ||
| ISBN: | 7-5025-8285-1 | |
| 000 | 00867nam0 2200265 450 | |
| 001 | 012007784011 | |
| 005 | 20070517111541.87 | |
| 010 | @a7-5025-8285-1@dCNY38.00 | |
| 100 | @a20070509d2006 km y0chiy0120 ea | |
| 101 | 0 | @achi |
| 102 | @aCN@b110000 | |
| 105 | @ay z 000yy | |
| 106 | @ar | |
| 200 | 1 | @a天然药物的生物转化@Atian ran yao wu de sheng wu zhuan hua@f卢艳花主编@Flu yan hua zhu bian |
| 210 | @a北京@c化学工业出版社@d2006 | |
| 215 | @a211页@d26cm | |
| 330 | @a本书共分三篇,包括微生物转化、酶法生物转化及植物细胞生物转化。全书由基础内容介绍入手,重点阐述了有关天然药物的生物转化、生产及结构修饰等的应用及新技术、新方法。 | |
| 606 | 0 | @a生物制品:药物@x生物@x转化 |
| 606 | 0 | @a生物制品:药物 |
| 606 | 0 | @a生物 |
| 606 | 0 | @a转化 |
| 690 | @aR977@v4 | |
| 701 | 0 | @a卢艳花@Alu yan hua@4主编 |
| 801 | 0 | @aCN@bRULIN@c20070517 |
| 905 | @dR977@e48@s8 | |
| 天然药物的生物转化/卢艳花主编.-北京:化学工业出版社,2006 |
| 211页;26cm |
| ISBN 7-5025-8285-1:CNY38.00 |
| 本书共分三篇,包括微生物转化、酶法生物转化及植物细胞生物转化。全书由基础内容介绍入手,重点阐述了有关天然药物的生物转化、生产及结构修饰等的应用及新技术、新方法。 |
| ● |
| 相关链接 |
|
|
|
|
正题名:天然药物的生物转化
索取号:R977/48
 
预约/预借
| 序号 | 登录号 | 条形码 | 馆藏地/架位号 | 状态 | 备注 |
| 1 | 0578131 | 205781313 | 第二样本阅览室/ [索取号:R977/48] | 在馆 | |
| 2 | 0578132 | 205781322 | 第三借阅区/ [索取号:R977/48] | 在馆 | |
| 3 | 0578133 | 205781331 | 第三借阅区/ [索取号:R977/48] | 在馆 | |
| 4 | 0578134 | 205781340 | 第三借阅区/ [索取号:R977/48] | 在馆 | |
| 5 | 0578135 | 205781359 | 教育系资料室/ [索取号:R977/48] | 在馆 | |
| 6 | 0578136 | 205781368 | 教育系资料室/ [索取号:R977/48] | 在馆 | |
| 7 | 0578137 | 205781377 | 教育系资料室/ [索取号:R977/48] | 在馆 | |
| 8 | 0578138 | 205781386 | 教育系资料室/ [索取号:R977/48] | 在馆 |